00389nam a2200133Ia 4500008004000000082001500040100001500055245006100070250000500131260004300136300001100179650004600190700001900236210210b1983 xxu||||| |||| 00| 0 eng d a651.7 BAHB aBAHL (J C) aBusiness Correspondence, minutes and reports. Rev Ed 12. a aBombaybN M Tripathi Pvt Ltd.,c1983 axi,480 aBusiness Correspondence Minutes Reports  aNAGAMIA (S M).